书目信息 |
| 题名: |
2008中国建筑表现集成
|
|
| 作者: | 李壮 主编 | |
| 分册: | 1 | |
| 出版信息: | 天津 天津大学出版社 2008.02 |
|
| 页数: | 292页 | |
| 开本: | 28cm | |
| 丛书名: | ||
| 单 册: | ||
| 中图分类: | TU206 | |
| 科图分类: | ||
| 主题词: | 建设设计--jian she she ji--中国--现代--作品集 | |
| 电子资源: | ||
| ISBN: | 978-7-5618-2618-8 | |
| 000 | 00988nam0 2200265 450 | |
| 001 | 012008988640 | |
| 005 | 20080414095247.54 | |
| 010 | @a978-7-5618-2618-8@b精装@dCNY249.00 | |
| 100 | @a20080413d2008 em y0chiy0120 ea | |
| 101 | 0 | @achi |
| 102 | @aCN@b120000 | |
| 105 | @aa z 000yy | |
| 106 | @ar | |
| 200 | 1 | @a2008中国建筑表现集成@A2008 zhong guo jian zhu biao xian ji cheng@d= 2008ections of arcitectural rendering in China@h1@zeng |
| 210 | @a天津@c天津大学出版社@d2008.02 | |
| 215 | @a292页@c图@d28cm | |
| 314 | @a责任者取自版权页 | |
| 330 | @a本书主要内容包括商业区、酒店、单体商业建筑、会所及度假村、剧院及文化中心、展览馆、体育、高层社区等。 | |
| 510 | 1 | @a2008ections of arcitectural rendering in China@zeng |
| 517 | 1 | @a中国建筑表现集成@Azhong guo jian zhu biao xian ji cheng |
| 606 | 0 | @a建设设计@Ajian she she ji@y中国@z现代@j作品集 |
| 690 | @aTU206@v4 | |
| 701 | 0 | @a李壮@Ali zhuang@4主编 |
| 801 | 0 | @aCN@bQSSK@c20080414 |
| 905 | @b292166@dTU206@eL342:1@f1 | |
| 2008中国建筑表现集成= 2008ections of arcitectural rendering in China.1.-天津:天津大学出版社,2008.02 |
| 292页:图;28cm |
| ISBN 978-7-5618-2618-8(精装):CNY249.00 |
| 本书主要内容包括商业区、酒店、单体商业建筑、会所及度假村、剧院及文化中心、展览馆、体育、高层社区等。 |
| ● |
| 相关链接 |
|
|
|
正题名:2008中国建筑表现集成
索取号:TU206/L342:1
 
预约/预借
| 序号 | 登录号 | 条形码 | 馆藏地/架位号 | 状态 | 备注 |
| 1 | 292166 | 202921669 | 建筑与城市规划学院资料室/101建筑库 15排3列3层/ [索取号:TU206/L342:1] | 在馆 |